{"text_format":"3","workbook":"xlsx","n_sheets":1,"sheets":["t317"],"read":"whole","date_system":"1900"}

{"sheet":"t317","index":0,"n_rows":152,"n_cols":7,"rows_kept":152,"merged":[[0,0,0,6],[30,0,30,5],[40,0,40,5],[134,0,134,5]]}
["TABELA 317.1 - Estatísticas Agrícolas, Município de Magda, Estado de São Paulo, 2007/08."]
["ITEM","UNIDADE","N.DE UPAs","MÍNIMO","MÉDIO","MÁXIMO","TOTAL"]
["Distância à sede do município","km",311,0.2,{"v":5.51,"d":"5.5"},{"v":15,"d":"15.0"},"-"]
["Área total","hectare",311,0.3,{"v":111.92,"d":"111.9"},{"v":15754.8,"d":"15,754.8"},{"v":34806.8,"d":"34,806.8"}]
["Área com cultura perene","hectare",55,0.3,{"v":10.59,"d":"10.6"},{"v":78,"d":"78.0"},582.2]
["Área com cultura temporária","hectare",131,0.3,{"v":100.97,"d":"101.0"},{"v":5323.1,"d":"5,323.1"},{"v":13227,"d":"13,227.0"}]
["Área com pastagem","hectare",248,0.3,{"v":52.41,"d":"52.4"},{"v":4756.1,"d":"4,756.1"},{"v":12996.6,"d":"12,996.6"}]
["Área com reflorestamento","hectare",9,0.5,{"v":4.41,"d":"4.4"},19.3,39.7]
["Área com vegetação natural","hectare",120,0.2,{"v":38.11,"d":"38.1"},{"v":3699.4,"d":"3,699.4"},{"v":4573.3,"d":"4,573.3"}]
["Área com vegetação de brejo e várzea","hectare",207,0.3,{"v":14.47,"d":"14.5"},{"v":1914.6,"d":"1,914.6"},{"v":2996.3,"d":"2,996.3"}]
["Área em descanso","hectare",1,3.6,3.6,3.6,3.6]
["Área complementar","hectare",246,0.1,{"v":1.58,"d":"1.6"},60.1,388.1]
["Área das UPAs com (0, 1] ha","hectare",3,0.3,0.5,0.7,1.5]
["Área das UPAs com (1, 2] ha","hectare",4,1.2,{"v":1.48,"d":"1.5"},1.8,5.9]
["Área das UPAs com (2, 5] ha","hectare",29,2.2,{"v":3.82,"d":"3.8"},{"v":5,"d":"5.0"},110.8]
["Área das UPAs com (5, 10] ha","hectare",36,5.2,{"v":7.35,"d":"7.4"},9.6,264.6]
["Área das UPAs com (10, 20] ha","hectare",53,10.2,{"v":14.99,"d":"15.0"},19.5,794.4]
["Área das UPAs com (20, 50] ha","hectare",106,20.5,{"v":32.82,"d":"32.8"},49.6,{"v":3479.4,"d":"3,479.4"}]
["Área das UPAs com (50, 100] ha","hectare",42,50.8,68.7,96.8,{"v":2885.4,"d":"2,885.4"}]
["Área das UPAs com (100, 200] ha","hectare",24,106.4,{"v":134.51,"d":"134.5"},195.4,{"v":3228.3,"d":"3,228.3"}]
["Área das UPAs com (200, 500] ha","hectare",10,{"v":208,"d":"208.0"},{"v":289.95,"d":"290.0"},436.2,{"v":2899.5,"d":"2,899.5"}]
["Área das UPAs com (500, 1.000] ha","hectare",1,596.7,596.7,596.7,596.7]
["Área das UPAs com (1.000, 2.000] ha","hectare",1,{"v":1463.5,"d":"1,463.5"},{"v":1463.5,"d":"1,463.5"},{"v":1463.5,"d":"1,463.5"},{"v":1463.5,"d":"1,463.5"}]
["Área das UPAs com (2.000, 5.000] ha","hectare",1,{"v":3322,"d":"3,322.0"},{"v":3322,"d":"3,322.0"},{"v":3322,"d":"3,322.0"},{"v":3322,"d":"3,322.0"}]
["Área das UPAs com (5.000, 10.000] ha","hectare","-","-","-","-","-"]
["Área das UPAs acima de 10.000 ha","hectare",1,{"v":15754.8,"d":"15,754.8"},{"v":15754.8,"d":"15,754.8"},{"v":15754.8,"d":"15,754.8"},{"v":15754.8,"d":"15,754.8"}]
["Familiares do proprietário que trabalham na UPA","unidade",309,{"v":1,"d":"1.0"},{"v":1.74,"d":"1.7"},{"v":6,"d":"6.0"},{"v":537,"d":"537.0"}]
["Trabalhadores permanentes","unidade",58,{"v":1,"d":"1.0"},2.9,{"v":90,"d":"90.0"},{"v":168,"d":"168.0"}]
["Fonte: Secretaria de Agricultura e Abastecimento, CDRS/IEA, Projeto LUPA."]
[]
["TABELA 317.2 - Explorações Animais, Município de Magda, Estado de São Paulo, 2007/08."]
["ITEM","UNIDADE","N.DE UPAs","MÍNIMO","MÉDIO","MÁXIMO","TOTAL"]
["Asininos E Muares","cabeças",1,{"v":9,"d":"9.0"},{"v":9,"d":"9.0"},{"v":9,"d":"9.0"},{"v":9,"d":"9.0"}]
["Bovinocultura de Corte","cabeças",3,{"v":300,"d":"300.0"},{"v":500,"d":"500.0"},{"v":700,"d":"700.0"},{"v":1500,"d":"1,500.0"}]
["Bovinocultura Mista","cabeças",187,{"v":1,"d":"1.0"},{"v":114.16,"d":"114.2"},{"v":9459,"d":"9,459.0"},{"v":21347,"d":"21,347.0"}]
["Equinocultura","cabeças",146,{"v":1,"d":"1.0"},{"v":4.05,"d":"4.1"},{"v":221,"d":"221.0"},{"v":591,"d":"591.0"}]
["Ovinocultura","cabeças",17,{"v":2,"d":"2.0"},{"v":20.59,"d":"20.6"},{"v":130,"d":"130.0"},{"v":350,"d":"350.0"}]
["Suinocultura","cabeças",82,{"v":1,"d":"1.0"},{"v":9.49,"d":"9.5"},{"v":80,"d":"80.0"},{"v":778,"d":"778.0"}]
["Fonte: Secretaria de Agricultura e Abastecimento, CDRS/IEA, Projeto LUPA."]
[]
["TABELA 317.3 -  Máquinas, Implementos e Benfeitorias, Município de Magda, Estado de São Paulo, 2007/08."]
["ITEM","UNIDADE","N.DE UPAs","MÍNIMO","MÉDIO","MÁXIMO","TOTAL"]
["Arado Comum (Bacia, Aiveca)","Unidade",42,{"v":1,"d":"1.0"},{"v":1.29,"d":"1.3"},{"v":4,"d":"4.0"},{"v":54,"d":"54.0"}]
["Arado Escarificador","Unidade",5,{"v":1,"d":"1.0"},{"v":1,"d":"1.0"},{"v":1,"d":"1.0"},{"v":5,"d":"5.0"}]
["Arado Subsolador","Unidade",6,{"v":1,"d":"1.0"},1.5,{"v":4,"d":"4.0"},{"v":9,"d":"9.0"}]
["Batedeira de Cereais","Unidade",4,{"v":1,"d":"1.0"},{"v":1,"d":"1.0"},{"v":1,"d":"1.0"},{"v":4,"d":"4.0"}]
["Carregadeira de Cana","Unidade",2,{"v":1,"d":"1.0"},1.5,{"v":2,"d":"2.0"},{"v":3,"d":"3.0"}]
["Colhedeira Automotriz","Unidade",2,{"v":2,"d":"2.0"},{"v":2,"d":"2.0"},{"v":2,"d":"2.0"},{"v":4,"d":"4.0"}]
["Computador","Unidade",3,{"v":1,"d":"1.0"},{"v":4.33,"d":"4.3"},{"v":11,"d":"11.0"},{"v":13,"d":"13.0"}]
["Conj.Irrigação Convencional","Unidade",1,{"v":1,"d":"1.0"},{"v":1,"d":"1.0"},{"v":1,"d":"1.0"},{"v":1,"d":"1.0"}]
["Desintegrador, Picador, Triturador","Unidade",127,{"v":1,"d":"1.0"},{"v":1.13,"d":"1.1"},{"v":3,"d":"3.0"},{"v":144,"d":"144.0"}]
["Distribuidor de Calcário","Unidade",9,{"v":1,"d":"1.0"},{"v":1.67,"d":"1.7"},{"v":4,"d":"4.0"},{"v":15,"d":"15.0"}]
["Ensiladeira","Unidade",18,{"v":1,"d":"1.0"},{"v":1.39,"d":"1.4"},{"v":7,"d":"7.0"},{"v":25,"d":"25.0"}]
["Grade Aradora (Tipo Romi)","Unidade",14,{"v":1,"d":"1.0"},{"v":1.64,"d":"1.6"},{"v":7,"d":"7.0"},{"v":23,"d":"23.0"}]
["Grade Niveladora","Unidade",41,{"v":1,"d":"1.0"},{"v":1.37,"d":"1.4"},{"v":9,"d":"9.0"},{"v":56,"d":"56.0"}]
["Implementos para Tração Animal","Unidade",15,{"v":1,"d":"1.0"},{"v":1.33,"d":"1.3"},{"v":2,"d":"2.0"},{"v":20,"d":"20.0"}]
["Misturador de Ração","Unidade",3,{"v":1,"d":"1.0"},{"v":1,"d":"1.0"},{"v":1,"d":"1.0"},{"v":3,"d":"3.0"}]
["Ordenhadeira Mecânica","Unidade",22,{"v":1,"d":"1.0"},{"v":1.05,"d":"1.1"},{"v":2,"d":"2.0"},{"v":23,"d":"23.0"}]
["Pulverizador Tratorizado","Unidade",13,{"v":1,"d":"1.0"},{"v":2.46,"d":"2.5"},{"v":14,"d":"14.0"},{"v":32,"d":"32.0"}]
["Resfriador de Leite, Tanque Expansão","Unidade",31,{"v":1,"d":"1.0"},{"v":1.03,"d":"1.0"},{"v":2,"d":"2.0"},{"v":32,"d":"32.0"}]
["Semeadeira/Adubadeira para Plantio Convencional","Unidade",15,{"v":1,"d":"1.0"},{"v":1.47,"d":"1.5"},{"v":8,"d":"8.0"},{"v":22,"d":"22.0"}]
["Semeadeira/Plantadeira Plantio Direto","Unidade",1,{"v":11,"d":"11.0"},{"v":11,"d":"11.0"},{"v":11,"d":"11.0"},{"v":11,"d":"11.0"}]
["Terraceador","Unidade",4,{"v":1,"d":"1.0"},{"v":1.25,"d":"1.3"},{"v":2,"d":"2.0"},{"v":5,"d":"5.0"}]
["Trator de Pneus","Unidade",46,{"v":1,"d":"1.0"},{"v":2.37,"d":"2.4"},{"v":41,"d":"41.0"},{"v":109,"d":"109.0"}]
["Açude/Represa","Unidade",104,{"v":1,"d":"1.0"},{"v":3.59,"d":"3.6"},{"v":149,"d":"149.0"},{"v":373,"d":"373.0"}]
["Almoxarifado/Oficina","Unidade",11,{"v":1,"d":"1.0"},{"v":1.09,"d":"1.1"},{"v":2,"d":"2.0"},{"v":12,"d":"12.0"}]
["Armazém para Grãos Ensacados","Sacas",13,{"v":1,"d":"1.0"},{"v":446.54,"d":"446.5"},{"v":2000,"d":"2,000.0"},{"v":5805,"d":"5,805.0"}]
["Balança para Bovinos","Unidade",8,{"v":1,"d":"1.0"},1.5,{"v":5,"d":"5.0"},{"v":12,"d":"12.0"}]
["Balança para Veículos","Unidade",1,{"v":1,"d":"1.0"},{"v":1,"d":"1.0"},{"v":1,"d":"1.0"},{"v":1,"d":"1.0"}]
["Barracão para Granja/Avicultura","Unidade",1,{"v":1,"d":"1.0"},{"v":1,"d":"1.0"},{"v":1,"d":"1.0"},{"v":1,"d":"1.0"}]
["Barracão/Galpão/Garagem","Unidade",58,{"v":1,"d":"1.0"},{"v":1.19,"d":"1.2"},{"v":5,"d":"5.0"},{"v":69,"d":"69.0"}]
["Casa de Moradia Habitada","Unidade",120,{"v":1,"d":"1.0"},{"v":1.93,"d":"1.9"},{"v":83,"d":"83.0"},{"v":231,"d":"231.0"}]
["Casa de Moradia Total","Unidade",202,{"v":1,"d":"1.0"},{"v":1.89,"d":"1.9"},{"v":83,"d":"83.0"},{"v":382,"d":"382.0"}]
["Curral/Mangueira","Unidade",210,{"v":1,"d":"1.0"},1.1,{"v":7,"d":"7.0"},{"v":231,"d":"231.0"}]
["Depósito/Tulha","Unidade",189,{"v":1,"d":"1.0"},{"v":1.15,"d":"1.2"},{"v":5,"d":"5.0"},{"v":217,"d":"217.0"}]
["Estábulo","Unidade",1,{"v":1,"d":"1.0"},{"v":1,"d":"1.0"},{"v":1,"d":"1.0"},{"v":1,"d":"1.0"}]
["Instalações para Equinos","Unidade",2,{"v":1,"d":"1.0"},1.5,{"v":2,"d":"2.0"},{"v":3,"d":"3.0"}]
["Pocilga","Unidade",59,{"v":1,"d":"1.0"},{"v":1,"d":"1.0"},{"v":1,"d":"1.0"},{"v":59,"d":"59.0"}]
["Poço Semi-Artesiano","Unidade",116,{"v":1,"d":"1.0"},1.1,{"v":9,"d":"9.0"},{"v":128,"d":"128.0"}]
["Secador de Grãos","Unidade",1,{"v":1,"d":"1.0"},{"v":1,"d":"1.0"},{"v":1,"d":"1.0"},{"v":1,"d":"1.0"}]
["Silo para Grãos","t",1,{"v":72000,"d":"72,000.0"},{"v":72000,"d":"72,000.0"},{"v":72000,"d":"72,000.0"},{"v":72000,"d":"72,000.0"}]
["Silo para Silagem","t",3,{"v":1,"d":"1.0"},{"v":147,"d":"147.0"},{"v":400,"d":"400.0"},{"v":441,"d":"441.0"}]
["Terreiro","m²",12,{"v":1,"d":"1.0"},{"v":127.58,"d":"127.6"},{"v":400,"d":"400.0"},{"v":1531,"d":"1,531.0"}]
["Fonte: Secretaria de Agricultura e Abastecimento, CDRS/IEA, Projeto LUPA."]
[]
["TABELA 317.4 - Outras Estatísticas Agrícolas, Município de Magda, Estado de São Paulo, 2007/08."]
["ITEM","Número de UPAs",null,"Percentual"]
["Faz Parte de Associação de Produtores",159,null,{"v":51.12540192926044,"d":"51.1"}]
["Faz Parte de Cooperativa de Produtores",27,null,{"v":8.681672025723474,"d":"8.7"}]
["Faz Parte do Sindicato de Produtores",27,null,{"v":8.681672025723474,"d":"8.7"}]
["Não utiliza assistência técnica ",7,null,{"v":2.2508038585209005,"d":"2.3"}]
["Utiliza somente assistência técnica governamental ",187,null,{"v":60.12861736334405,"d":"60.1"}]
["Utiliza somente assistência técnica privada ",0,null,{"v":0,"d":"0.0"}]
["Utiliza assistência técnica tanto governamental quanto privada",117,null,{"v":37.62057877813505,"d":"37.6"}]
["Utiliza Crédito Rural",63,null,{"v":20.2572347266881,"d":"20.3"}]
["Utiliza Seguro Rural",39,null,{"v":12.540192926045016,"d":"12.5"}]
["Utiliza Escrituração Agrícola",121,null,{"v":38.90675241157556,"d":"38.9"}]
["Acessa Internet p/ Fins na Agropecuária",19,null,{"v":6.109324758842444,"d":"6.1"}]
["Utiliza Computador nas Atividades Agropecuárias",15,null,{"v":4.82315112540193,"d":"4.8"}]
["Utiliza Energia Elétrica Para Uso na Atividade Agrícola",235,null,{"v":75.56270096463022,"d":"75.6"}]
["Realiza Análise de Solo, quando necessário",177,null,{"v":56.91318327974277,"d":"56.9"}]
["Utiliza Práticas de Conservação de Solo, quando necessário",299,null,{"v":96.14147909967845,"d":"96.1"}]
["Faz Adubação Mineral, quando necessário",291,null,{"v":93.56913183279742,"d":"93.6"}]
["Faz Adubação Orgânica, quando necessário",62,null,{"v":19.935691318327972,"d":"19.9"}]
["Faz Adubação Verde, quando necessário",12,null,{"v":3.8585209003215435,"d":"3.9"}]
["Utiliza Manejo Integrado de Pragas (MIP)","-",null,"-"]
["Utiliza Hidroponia","-",null,"-"]
["Utiliza Plasticultura","-",null,"-"]
["Utiliza Mudas Fiscalizadas",140,null,{"v":45.01607717041801,"d":"45.0"}]
["Utiliza Semente Melhorada",113,null,{"v":36.334405144694536,"d":"36.3"}]
["Faz Confinamento de Bovinos",15,null,{"v":4.82315112540193,"d":"4.8"}]
["Utiliza Pastejo Intensivo",204,null,{"v":65.59485530546624,"d":"65.6"}]
["Faz Inseminação Artificial",10,null,{"v":3.215434083601286,"d":"3.2"}]
["Faz Mineralização do Rebanho",208,null,{"v":66.88102893890675,"d":"66.9"}]
["Faz Vermifugação do Rebanho",208,null,{"v":66.88102893890675,"d":"66.9"}]
["Possui Parceiros /Arrendatários na Exploração Animal",107,null,{"v":34.40514469453376,"d":"34.4"}]
["Esporte e lazer",1,null,{"v":0.3215434083601286,"d":"0.3"}]
["Extração mineral","-",null,"-"]
["Hotel Fazenda, Pousada ou SPA","-",null,"-"]
["Pesque-pague","-",null,"-"]
["Restaurante ou Lanchonete","-",null,"-"]
["Transformação artesanal","-",null,"-"]
["Turismo rural ou ecoturismo","-",null,"-"]
["Outras atividades econômicas rurais",3,null,{"v":0.9646302250803859,"d":"1.0"}]
["Agroindústria","-",null,"-"]
["Proprietário sem instrução ou com instrução incompleta",33,null,{"v":10.610932475884244,"d":"10.6"}]
["Proprietário com antigo primário completo",105,null,{"v":33.762057877813504,"d":"33.8"}]
["Proprietário com 1° grau (ou antigo ginasial) completo",40,null,{"v":12.861736334405144,"d":"12.9"}]
["Proprietário com 2° grau (ou antigo colegial) completo",43,null,{"v":13.82636655948553,"d":"13.8"}]
["Proprietário com curso superior completo ",89,null,{"v":28.617363344051448,"d":"28.6"}]
["Pessoa Jurídica",1,null,{"v":0.3215434083601286,"d":"0.3"}]
["Proprietário residente na própria UPA ",50,null,{"v":16.07717041800643,"d":"16.1"}]
["Fonte: Secretaria de Agricultura e Abastecimento, CDRS/IEA, Projeto LUPA."]
[]
["TABELA 317.5 - Área Cultivada, Município de Magda, Estado de São Paulo, 2007/08."]
["CULTURA","N.DE UPAs","MÍNIMO","MÉDIO","MÁXIMO","TOTAL"]
["Cana-de-acucar",116,0.3,{"v":104.47,"d":"104.5"},{"v":4707.1,"d":"4,707.1"},{"v":12118.8,"d":"12,118.8"}]
["Braquiaria",245,0.3,{"v":39.58,"d":"39.6"},{"v":2456.1,"d":"2,456.1"},{"v":9697.3,"d":"9,697.3"}]
["Coloniao",6,{"v":1,"d":"1.0"},{"v":545.95,"d":"546.0"},{"v":2300,"d":"2,300.0"},{"v":3275.7,"d":"3,275.7"}]
["Milho",27,0.6,{"v":25.76,"d":"25.8"},{"v":207,"d":"207.0"},695.5]
["Milho-silagem",1,{"v":409,"d":"409.0"},{"v":409,"d":"409.0"},{"v":409,"d":"409.0"},{"v":409,"d":"409.0"}]
["Banana",10,2.4,{"v":20.59,"d":"20.6"},41.7,205.9]
["Seringueira",14,4.5,{"v":10.96,"d":"11.0"},24.2,153.5]
["Laranja",4,7.2,35.5,{"v":78,"d":"78.0"},{"v":142,"d":"142.0"}]
["Manga",26,0.3,{"v":2.88,"d":"2.9"},7.2,74.9]
["Eucalipto",8,0.5,{"v":4.78,"d":"4.8"},19.3,38.2]
["Gramas",1,23.6,23.6,23.6,23.6]
["Cafe",4,0.6,{"v":1.48,"d":"1.5"},3.6,5.9]
["Palmito",2,0.6,{"v":1.55,"d":"1.6"},2.5,3.1]
["Teca",1,1.5,1.5,1.5,1.5]
["Fumo",1,0.6,0.6,0.6,0.6]
["Fonte: Secretaria de Agricultura e Abastecimento, CDRS/IEA, Projeto LUPA."]